Aḍwāʼ ʻalá thawrat al-Yaman / i-qalam Muḥammad Ṣādiq ʻAql, Hiyām ʻĀfiyah.

محفوظ في:

المؤلف الرئيسي: ʻAql, Muḥammad Ṣādiq (مؤلف)

مؤلفون آخرون: Abū ʻĀfiyah, Hiyām.

التنسيق: كتاب

اللغة: Arabic

سلاسل: Kutub qawmīyah ; 242.

الموضوعات:

الوسوم: إضافة وسم

لا توجد وسوم, كن أول من يضع وسما على هذه التسجيلة!

رقم الطلب:

LEADER 01357nam a2200253Ia 4500
005 20200322150932.0
008 130303s1963 ua a g 000 0 ara d
043 |a a-ye---  
100 1 |6 880-01  |a ʻAql, Muḥammad Ṣādiq,  |e author.  |9 25539 
336 |a text  |b txt  |2 rdacontent 
337 |a unmediated  |b n  |2 rdamedia 
338 |a volume  |b nc  |2 rdacarrier 
880 1 |6 100-01/(3/r  |a عقل، محمد صادق.‪‪‪‪‪‪‪‪‪‪‪‪‪‪‪‪‪‪‪‪‪‪‪‪ 
245 1 0 |6 880-02  |a Aḍwāʼ ʻalá thawrat al-Yaman /  |b i-qalam Muḥammad Ṣādiq ʻAql, Hiyām ʻĀfiyah.  
880 1 0 |6 245-02/(3/r  |a أضواء على ثورة اليمن /‪‪‪‪‪‪‪‪‪‪‪‪‪‪‪‪‪‪‪‪‪‪‪‪  |c بقلم محمد صادق عقل، هيام أبو عافية.‪‪‪‪‪‪‪‪‪‪‪‪‪‪‪‪‪‪‪‪‪‪‪‪ 
264 1 |a al-Qāhirah :  |b al-Dār al-Qawmīyah lil-Ṭibāʻah wa-al-Nashr,  |c [1963?]  
300 |a 224 pages :  |b illustrations ;  |c 20 cm.  
490 1 |a Kutub qawmīyah ;  |v 242  
651 0 |a Yemen (Republic)  |x History.  
700 1 |a Abū ʻĀfiyah, Hiyām.  
830 0 |a Kutub qawmīyah ;  |v 242.  
952 |0 0  |1 0  |2 lcc  |4 0  |6 DS0247 Y4 A58 01963  |7 1  |9 30101  |a ARCE  |b ARCE  |d 2022-01-25  |l 0  |o DS247 .Y4A58 1963  |p 1023363  |r 2022-01-25 00:00:00  |w 2022-01-25  |y BK 
999 |c 28447  |d 28447 
942 |c BK  |2 lcc